000 00576cam a22002053a 4500
001 35592
003 PGUSA
005 20140828083751.0
008 110316s2011||||xxu|||||s|||||000 | eng d
040 _aPGUSA
_beng
042 _adc
100 1 _aThomas, Will H.
245 1 0 _aSome Current Folk-Songs of the Negro
_h[electronic resource] /
_cWill H. Thomas
260 _bProject Gutenberg,
_c2011
506 _aPublic domain in the USA.
516 _aElectronic text
830 0 _aProject Gutenberg
_v35592
856 4 0 _uhttp://www.gutenberg.org/ebooks/35592
942 _cEB
999 _c264847
_d264847